| 000 | 00527nam a22001577a 4500 | ||
|---|---|---|---|
| 008 | 160211b xxu||||| |||| 00| 0 eng d | ||
| 020 | _a0133355871 | ||
| 100 | _aGuido Ginny Wacker | ||
| 245 |
_aLegal and Ethical Issues in Nursing _cGinny Wacker Guido |
||
| 250 | _a6th ed. | ||
| 260 |
_aUSA _bPearson Education Inc _c2014 |
||
| 300 | _axv, 460p. | ||
| 650 |
_aNursing Ethics _vLaw and Legislation _zUnited States |
||
| 650 |
_aJurisprudence _zUnited States |
||
| 942 |
_2lcc _cBK _e6th ed. _hKF2915 _k.N8G85 2014 C.1 |
||
| 999 |
_c15668 _d15668 |
||